Headquarter Cities of International Organizations - Statistics

General Stats
  • This quiz has been taken 86 times
  • The average score is 9 of 15
Answer Stats
Hint Answer % Correct
European Union Brussels, Belgium
88%
United Nations (UN) New York City, USA
83%
Commonwealth of Nations London, England, UK
75%
North American Treaty Organization (NATO) Brussels, Belgium
71%
Arab League Cairo, Egypt
70%
World Health Organization (WHO) Geneva, Switzerland
67%
Association of Southeast Asian Nations (ASEAN) Jakarta, Indonesia
55%
International Monetary Fund (IMF) Washington D.C., USA
55%
United Nations Educational, Scientific, and Cultural Organization (UNESCO) Paris, France
54%
World Bank Washington D.C., USA
49%
African Union Addis Ababa, Ethiopia
48%
United Nations Children's Fund (UNICEF) New York City, USA
46%
World Trade Organization Geneva, Switzerland
45%
International Police Organization (INTERPOL) Lyon, France
42%
Organization of Petroleum Exporting Countries (OPEC) Vienna, Austria
28%
No matching quizzes found
Score Distribution
Percent of People with Each Score
Percentile by Number Answered
Your Score History
You have not taken this quiz